000 00983nam a22002657a 4500
001 8139
003 FISKH
005 20250828112601.0
008 250828b cb ||||| |||| 00| 0 eng d
020 _a9780141342306
040 _aFISKH
_beng
_cFISKH
_dFISKH
082 _a823.914
100 _aDahl, Roald
245 _aRoald Dahl's fantabulous facts:
_bWorld book day /
_cRoald Dahl ; with illustrations by Quentin Blake
260 _aLondon :
_bPuffin Books,
_c2012.
300 _a118 pages :
_billustrations ;
_c18 cm
505 _aR
520 _aA trip through the year, with letters and observations by Roald Dahl himself about everything under the sun, from what he got up to as a boy and the best time of the year for conkers to why he hated Christmas.
521 8 _a660
_bLexile estimate
521 8 _aR
_bRaz-Plus
650 _aFiction
_vHumor
_xJokes
_yHistory
700 _aBlake, Quentin
_eillustrator
942 _2ddc
_cBK
_n0
999 _c8139
_d8139